Organismos económicos internacionales (Record no. 111579)

MARC details
000 -LEADER
campo de control de longitud fija 00473nam a2200157 4500
001 - NÚMERO DE CONTROL
campo de control 111579
003 - IDENTIFICADOR DE NÚMERO DE CONTROL
campo de control ES-MaACL
005 - FECHA Y HORA DE LA ÚLTIMA TRANSACCIÓN
campo de control 20230906185327.0
007 - CAMPO FIJO DE DESCRIPCIÓN FÍSICA--INFORMACIÓN GENERAL
campo de control de longitud fija t|
008 - DATOS DE LONGITUD FIJA--INFORMACIÓN GENERAL
campo de control de longitud fija 061121s1959 sp r ||||1| spa d
245 00 - MENCIÓN DEL TÍTULO
Título Organismos económicos internacionales
Resto del título : adhesión española.
260 ## - PUBLICACIÓN, DISTRIBUCIÓN, ETC.
Lugar de publicación, distribución, etc. Bilbao :
Nombre del editor, distribuidor, etc. Vizcaína,
Fecha de publicación, distribución, etc. 1959.
300 ## - DESCRIPCIÓN FÍSICA
Extensión 288 p. ;
Dimensiones 21 cm.
500 ## - NOTA GENERAL
Nota general De la Cámara Oficial de Comercio Industria y navegación.
852 ## - LOCALIZACIÓN
Ubicación ES-MaACL
Número de control de estantería C-17473
Sublocalización o colección R.45329
Holdings
Estatus retirado Estado de pérdida Estado de daño No para préstamo Biblioteca de origen Biblioteca actual Ubicación en estantería Fecha de adquisición Fuente de adquisición Total de préstamos Signatura topográfica completa Código de barras Visto por última vez Precio de reemplazo Tipo de ítem Koha
        Biblioteca del Ateneo de Madrid Biblioteca del Ateneo de Madrid Galería 17/01/2008     C-17473 1116401 23/02/2023 23/02/2023 Libro impreso